Cinderella - Portrayals by Picture - Statistics

General Stats
  • This quiz has been taken 13 times
  • The average score is 7 of 42
Answer Stats
Picture Answer % Correct
Selena Gomez
82%
Anna Kendrick
73%
Camila Cabello
73%
Hilary Duff
64%
Lily James
64%
Ilene Woods / Jennifer Hale /
45%
Sofia Carson
45%
Brandy
36%
Julie Andrews
36%
Alex Borstein
27%
Laura Marano
27%
Ann-Margret
18%
Bailee Madison
18%
Lesley Ann Warren
18%
Lucy Hale
18%
Jessy Schram
9%
Ashlee Hewitt
0%
Aylin Tezel
0%
Belinda Montgomery
0%
Bernice Hansen
0%
Betty Bronson
0%
Bonnie Poe
0%
Cassandra Lee Morris
0%
Charlayne Woodard
0%
Darya Melnikova
0%
Deanna Durbin
0%
Emilia Schüle
0%
Gemma Craven
0%
Jennifer Beals
0%
Kim Crosby
0%
Leslie Caron
0%
Libuše Šafránková
0%
Marcella Plunkett
0%
Maria Kawamura
0%
Mary Pickford
0%
Maya Ali
0%
Mitsuko Horie / Lara Cody
0%
Neetu Singh
0%
Rita-Maria Nowotny
0%
Tatyana Shabelnikova
0%
Venus Terzo
0%
Yanina Zhejmo
0%
No matching quizzes found
Score Distribution
Percent of People with Each Score
Percentile by Number Answered
Your Score History
You have not taken this quiz